Cinq de départ NBA - saison 2019-2020 - Statistiques

Statistiques générales
  • Ce quiz a été pris 1 572 fois
  • Le résultat moyen est 56 sur 150
Statistiques - réponses
Team Pos Player % Correct
76ers C Joel Embiid
93%
Lakers SF LeBron James
92%
Rockets SG James Harden
88%
Warriors PG Stephen Curry
88%
Lakers PF Anthony Davis
82%
Thunder PG Chris Paul
81%
Bucks PF Giannis Antetokounmpo
81%
Mavericks PG Luka Doncic
80%
Warriors PF Draymond Green
79%
Clippers SF Kawhi Leonard
79%
Nuggets C Nikola Jokic
79%
Lakers SG Danny Green
78%
Jazz C Rudy Gobert
78%
Celtics PF Jayson Tatum
77%
Heat C Meyers Leonard
77%
Hawks PG Trae Young
76%
Suns SG Devin Booker
75%
Nets PG Kyrie Irving
74%
Rockets PG Russell Westbrook
74%
Grizzlies PG Ja Morant
73%
Celtics SG Jaylen Brown
73%
Pistons SG Bruce Brown
72%
Trail Blazers PG Damian Lillard
72%
Spurs PG Dejounte Murray
71%
Jazz SG Donovan Mitchell
71%
Nuggets PG Jamal Murray
71%
Cavaliers C Tristan Thompson
69%
Pelicans PG Lonzo Ball
68%
76ers PG Ben Simmons
67%
Bucks SF Khris Middleton
66%
Bulls SG Zach LaVine
66%
Bucks C Brook Lopez
65%
Spurs SG DeMar DeRozan
65%
Heat C Bam Adebayo
63%
Wizards SG Bradley Beal
63%
Timberwolves C Karl-Anthony Towns
63%
Kings PG De'Aaron Fox
62%
Nuggets SG Gary Harris
61%
Nets SG Joe Harris
61%
76ers SF Tobias Harris
61%
Pelicans SG Jrue Holiday
60%
Rockets C Clint Capela
58%
Raptors PG Kyle Lowry
57%
Pacers C Domantas Sabonis
56%
Raptors PF Pascal Siakam
54%
Magic SG Evan Fournier
53%
Magic PF Aaron Gordon
52%
Trail Blazers SG CJ McCollum`
52%
Magic C Nikola Vucevic
52%
Suns C Deandre Ayton
50%
Grizzlies C Jaren Jackson Jr.
49%
Thunder SG S. Gilgeous-Alexander
49%
Thunder C Steven Adams
49%
Heat SG Tyler Herro
48%
76ers PF Al Horford
47%
Warriors SG D'Angelo Russell
47%
Jazz PG Mike Conley
47%
Knicks PF Julius Randle
46%
Mavericks PF Kristaps Porzingis
46%
Pistons PG Reggie Jackson
46%
Nets C Jarrett Allen
44%
Celtics PG Kemba Walker
44%
Cavaliers PF Kevin Love
44%
Pelicans PF Brandon Ingram
43%
Cavaliers PG Darius Garland
43%
Timberwolves SF Andrew Wiggins
40%
Raptors C Marc Gasol
39%
Hornets SF Miles Bridges
39%
Raptors PG Fred VanVleet
38%
Warriors SF Glenn Robinson III
38%
Pacers C Myles Turner
37%
Jazz SF Bojan Bogdanovic
36%
Clippers C Ivica Zubac
36%
Hawks PF John Collins
36%
Trail Blazers PF Zach Collins
36%
Cavaliers PG Collin Sexton
35%
Rockets SF P.J. Tucker
34%
Pistons C Andre Drummond
32%
Bulls SF Otto Porter Jr.
32%
Lakers C JaVale McGee
31%
Celtics SF Gordon Hayward
30%
Bucks PG Eric Bledsoe
29%
Grizzlies C Jonas Valanciunas
29%
Warriors PF Kevon Looney
29%
Hornets PG Terry Rozier
29%
Spurs C LaMarcus Aldridge
28%
Grizzlies SF Dillon Brooks
27%
Kings SG Buddy Hield
25%
Kings SF Harrison Barnes
25%
Suns PG Ricky Rubio
24%
Knicks SF R.J. Barrett
24%
Pacers PG Malcolm Brogdon
23%
Raptors SF OG Anunoby
23%
Knicks PF Marcus Morris
22%
Nets SG Caris LeVert
21%
Wizards PG Ish Smith
21%
Bulls PF Lauri Markkanen
21%
Pistons PF Markieff Morris
21%
Clippers PG Patrick Beverley
21%
Bulls PF Wendell Carter Jr.
20%
Hawks SF De'Andre Hunter
19%
Grizzlies SF Jae Crowder
17%
Suns SF Kelly Oubre Jr.
14%
Kings PF Marvin Bagley III
14%
Hornets C Cody Zeller
13%
Celtics C Enes Kanter
13%
Trail Blazers C Hassan Whiteside
13%
Nuggets PF Paul Millsap
13%
Hornets PF P.J. Washington
13%
76ers SG Josh Richardson
12%
Timberwolves PF Robert Covington
12%
Hawks C Alex Len
11%
Lakers SG Avery Bradley
11%
Cavaliers SF Cedi Osman
11%
Thunder PF Danilo Gallinari
11%
Pelicans SG J.J. Redick
11%
Heat SG Kendrick Nunn
11%
Mavericks PF Maxi Kleber
11%
Pacers SF T.J. Warren
11%
Knicks C Bobby Portis
10%
Magic PG D.J. Augustin
10%
Magic SF Jonathan Isaac
10%
Wizards SF Rui Hachimura
10%
Timberwolves SG Treveon Graham
10%
Nuggets SG Will Barton
10%
Pelicans C Derrick Favors
9%
Wizards C Thomas Bryant
9%
Bucks SG Wesley Matthews
9%
Suns PF Dario Saric
8%
Jazz SF Royce O'Neale
8%
Hawks SF Cam Reddish
7%
Timberwolves PG Jeff Teague
6%
Rockets SF Danuel House Jr.
5%
Pacers SG Jeremy Lamb
5%
Clippers SG Landry Shamet
5%
Nets SF Taurean Prince
5%
Mavericks SG Courtney Lee
4%
Trail Blazers SF Rodney Hood
4%
Bulls PG Tomas Satoransky
4%
Kings C Dewayne Dedmon
3%
Thunder SG Terrance Ferguson
3%
Spurs SG Bryn Forbes
2%
Heat SF Justise Winslow
2%
Clippers PF Patrick Patterson
2%
Spurs PF Trey Lyles
2%
Knicks SG Allonzo Trier
1%
Mavericks SG Delon Wright
1%
Hornets SG Dwayne Bacon
1%
Wizards SF Isaac Bonga
1%
Pistons SF Tony Snell
1%
Aucun quiz correspondant
Distribution des résultats
% des personnes avec chaque résultat
Percentile par nombre de réponses
Votre historique - résultats
Vous n’avez pas pris ce quiz